Computers, communications and information : A user's introduction : Comprehensive Edition
Designed for the introduction to computers or computer literacy course found in the business or CIS department at two-year and four-year schools.
Сохранить в:
| Главный автор: | |
|---|---|
| Формат: | |
| Язык: | Undetermined |
| Опубликовано: |
Boston, MA.
McGraw-Hill
2000
|
| Предметы: | |
| Метки: |
Добавить метку
Нет меток, Требуется 1-ая метка записи!
|
| Thư viện lưu trữ: | Trung tâm Học liệu Trường Đại học Cần Thơ |
|---|
| LEADER | 00818nam a2200217Ia 4500 | ||
|---|---|---|---|
| 001 | CTU_186813 | ||
| 008 | 210402s9999 xx 000 0 und d | ||
| 020 | |c 64.58 | ||
| 082 | |a 004 | ||
| 082 | |b H978 | ||
| 100 | |a Hutchinson, Sarah E. | ||
| 245 | 0 | |a Computers, communications and information : | |
| 245 | 2 | |b A user's introduction : Comprehensive Edition | |
| 245 | 0 | |c Sarah Hutchinson Clifford, Stacey C Sawyer | |
| 260 | |a Boston, MA. | ||
| 260 | |b McGraw-Hill | ||
| 260 | |c 2000 | ||
| 520 | |a Designed for the introduction to computers or computer literacy course found in the business or CIS department at two-year and four-year schools. | ||
| 650 | |a Computers,Information technology,Máy tính,Công nghệ thông tin | ||
| 904 | |i Trúc | ||
| 980 | |a Trung tâm Học liệu Trường Đại học Cần Thơ | ||